000 00623nam a2200229 a 4500
001 BRCA_5920
005 20190320205250.0
008 180311s1946----nyua######---#000-0#eng-#
041 _aeng
044 _anyu
050 4 _aNK7250
_b.O35 1946
100 1 _aOkie, Howard Pitcher
_914965
245 1 0 _aOld silver and old Sheffield plate
_cHoward Pitcher Okie.
260 _aNueva York
_bDoubleday
_c1946
300 _a420 p.
_bil., 12 láminas
_c25 cm.
500 _aIncluye índice alfabético
500 _aG67
650 1 4 _aSheffield, Plata de
_914966
650 1 4 _aPlatería
_92745
902 _aGFM
942 _2lcc
_cB
999 _c5609
_d5609